<?xml version='1.0' encoding='UTF-8'?><?xml-stylesheet href='static/style.xsl' type='text/xsl'?><OAI-PMH xmlns="http://www.openarchives.org/OAI/2.0/" xmlns:xsi="http://www.w3.org/2001/XMLSchema-instance" xsi:schemaLocation="http://www.openarchives.org/OAI/2.0/ http://www.openarchives.org/OAI/2.0/OAI-PMH.xsd"><responseDate>2026-04-30T08:06:28Z</responseDate><request verb="GetRecord" identifier="oai:ebiltegia.mondragon.edu:20.500.11984/5292" metadataPrefix="marc">https://ebiltegia.mondragon.edu/oai/request</request><GetRecord><record><header><identifier>oai:ebiltegia.mondragon.edu:20.500.11984/5292</identifier><datestamp>2024-03-26T09:44:25Z</datestamp><setSpec>com_20.500.11984_1136</setSpec><setSpec>col_20.500.11984_1142</setSpec></header><metadata><record xmlns="http://www.loc.gov/MARC21/slim" xmlns:dcterms="http://purl.org/dc/terms/" xmlns:xsi="http://www.w3.org/2001/XMLSchema-instance" xmlns:doc="http://www.lyncode.com/xoai" xsi:schemaLocation="http://www.loc.gov/MARC21/slim http://www.loc.gov/standards/marcxml/schema/MARC21slim.xsd">
   <leader>00925njm 22002777a 4500</leader>
   <datafield ind2=" " ind1=" " tag="042">
      <subfield code="a">dc</subfield>
   </datafield>
   <datafield ind2=" " ind1=" " tag="720">
      <subfield code="a">Ortega-Sunsundegi, Igor</subfield>
      <subfield code="e">author</subfield>
   </datafield>
   <datafield ind2=" " ind1=" " tag="260">
      <subfield code="c">2018</subfield>
   </datafield>
   <datafield ind2=" " ind1=" " tag="520">
      <subfield code="a">El presente documento recoge la síntesis y las&#xd;
conclusiones del estudio Aportación de las cooperativas&#xd;
a los retos del tejido productivo vasco realizado&#xd;
por LANKI, Instituto de Estudios Cooperativos de&#xd;
Mondragon Unibertsitatea, en colaboración con la&#xd;
DIPUTACIÓN FORAL DE GIPUZKOA en el marco del&#xd;
programa ETORKIZUNA ERAIKIZ.&#xd;
Este estudio se ubica como el punto de partida de lo&#xd;
que pretende ser un proyecto de investigación de&#xd;
más amplio alcance cuyo objetivo es indagar sobre la&#xd;
contribución o aportación que en la actualidad realizan&#xd;
las cooperativas a nuestra sociedad para, a su vez, abrir&#xd;
una vía de refl exión sobre los retos específi cos que&#xd;
deben de abordar las cooperativas en el contexto del&#xd;
nuevo milenio, en su objetivo de continuar aportando&#xd;
valor a la sociedad de la que son parte.&#xd;
En este primer paso el foco del análisis se ha centrado&#xd;
en un primer ámbito de análisis: la aportación de las&#xd;
cooperativas al reto del tejido productivo vasco en la&#xd;
generación de riqueza y desarrollo económico en el&#xd;
contexto de una nueva fase del proceso de globalización&#xd;
de la economía.</subfield>
   </datafield>
   <datafield ind1="8" ind2=" " tag="024">
      <subfield code="a">https://katalogoa.mondragon.edu/janium-bin/janium_login_opac.pl?find&amp;ficha_no=148456</subfield>
   </datafield>
   <datafield ind1="8" ind2=" " tag="024">
      <subfield code="a">https://hdl.handle.net/20.500.11984/5292</subfield>
   </datafield>
   <datafield tag="653" ind2=" " ind1=" ">
      <subfield code="a">Cooperativismo</subfield>
   </datafield>
   <datafield ind2="0" ind1="0" tag="245">
      <subfield code="a">Aportación de las cooperativas a los retos del tejido productivo vasco</subfield>
   </datafield>
</record></metadata></record></GetRecord></OAI-PMH>